01059nam a2200193Ia 4500001001100000003001000011008004100021040002500062041001400087100002000101245004300121250001100164260008100175300001200256500023200268501011400500520023200614650001900846L942-50938IT-CnALBA170116s9999||||xx |||||||||||||| ||und|| aIT-CnALBAcIT-CnALBA aFRANCESE  aZOTTOLA GEORGES 0aRECITS D'UN ROUTIER DU DEVELOPPEMENT.  a1a ed. a PARISbL'HARMATTAN EDITIONS c1996 [1° Ed.:1996 - Ed.Ling.Originale: 1996] a117 p.  aRACCONTI DI UN PROMOTORE DEL PROGRESSO. IL PROGRESSO A CEYLAN. NEL MONDO. VIAGGIO NEL TERZO MONDO. MESSICO, MADAGASCAR, ALGERIA, EGITTO, ALTO VOLTA, NIGER. PER LA PROMOZIONE E IL PROGRESSO DELL'UOMO. PER LO SVILUPPO NEL MONDO.  aSocietà San Paolo EM - Piazza San Paolo, 14 - 12051 ALBA (CN) (non commercial uses only) ® Copyright 2017 aRACCONTI DI UN PROMOTORE DEL PROGRESSO. IL PROGRESSO A CEYLAN. NEL MONDO. VIAGGIO NEL TERZO MONDO. MESSICO, MADAGASCAR, ALGERIA, EGITTO, ALTO VOLTA, NIGER. PER LA PROMOZIONE E IL PROGRESSO DELL'UOMO. PER LO SVILUPPO NEL MONDO.  aSTORIA MODERNA